| 000 | 00915nam a2200253 a 4500 | ||
|---|---|---|---|
| 001 | 000023737 | ||
| 005 | 20200930022429.0 | ||
| 008 | 110112s2000 sp a 000 | spa d | ||
| 020 | _a8441510598 | ||
| 040 |
_aDO-SdBNP _bspa _cBNPHU |
||
| 082 |
_a005.72 _bC335m |
||
| 100 | 1 |
_aCasanova González, Miguel Ángel _948875 |
|
| 245 | 1 | 0 |
_aManual imprescindible de Microsoft FrontPage 2000 / _cMiguel Ángel Casanova González ; coordinación editorial de José María Delgado Cabrera. |
| 260 |
_aMadrid : _bAnaya Multimedia, _c2000. |
||
| 300 |
_a413 p. : _bil. ; _c23 cm. |
||
| 490 | 1 | _aManuales imprescindibles | |
| 500 | _aIncluye índice alfabético | ||
| 650 | 4 |
_aDiseño de páginas web (programas para computador) _948876 |
|
| 650 | 4 |
_aDiseño de página web _948877 |
|
| 700 | 1 |
_aDelgado Cabrera, José María, _eed. _948871 |
|
| 830 | 0 |
_aManuales imprescindibles _948872 |
|
| 910 | _aWM | ||
| 049 | _aBNGR | ||
| 999 |
_c23233 _d23233 |
||